000 01308nam a22003737a 4500
003 CHAP
005 20220329133759.0
008 971013s1984 r 00010 d
010 _a10802
011 _a11774
035 _a11084
040 _cCHAP
090 _aTesis
100 0 0 _aArmendariz Martínez, Jaime.
_97174
245 _aEfecto del nivel de alimentación durante el período seco sobre el comportamiento productivo reproductivo posterior en vacas Holstein
260 _aChapingo, Méx. :
_bColegio de Potsgraduados,
_c1984
300 _a78 P
502 _aTesis (M. C.) -- Colegio de Postgraduados
590 _aALEPH
_b10
_c20130110
_lUCH01
_h1227
590 _aBATCH-UPD
_b10
_c20130110
_lUCH01
_h1605
590 _aBATCH-UPD
_b10
_c20130410
_lUCH01
_h1002
590 _aBATCH-UPD
_b10
_c20130914
_lUCH01
_h1511
590 _aCONVERSION
_b10
_c20130109
_lUCH01
_h1307
650 1 4 _aGanado Holstein.
_945133
650 1 4 _aGanado vacuno
_xAlimentación.
_945429
650 1 4 _aGanado vacuno
_xProducción.
_945506
650 1 4 _aGanado vacuno
_xReproducción.
_945510
901 _aBK
942 _cFOLL
949 _bBC
_cTES
_d-62607
_eTS1
_i11084
_si
949 _bBC
_cTES
_d-62608
_eTS2
_fc.2
_i11084
_si
949 _bBC
_cTES
_d-62609
_eTS2
_fc.3
_i11084
_si
949 _bZA
_cTES
_d-23149
_eTS1
_i11084
_si
999 _c10802
_d10802